000 00834nam a22002177a 4500
005 20240530110535.0
008 160330s2013 ua f 000 0 ara d
017 _a2012/19589
_bمصر . دار الكتب المصرية
020 _a9789774280313
040 _aEG-CaGPL
082 0 4 _221
_a330.962
_bق/ش ف
100 0 _aشحاتة صيام
245 1 2 _aالفرعون و الصراع الطبقى من الدولة القائد الى الدولة التابعة /
_cشحاتة صيام
250 _aط1
260 _aالقاهرة :
_bمصر العربية للنشر و التوزيع ،
_c2013 .
300 _a367 ص ؛
_c24 سم .
650 0 4 _aالصراع الاجتماعى
_zمصر
651 0 4 _aمصر
_xالاحوال الاجتماعية
942 _2ddc
_cBK
999 _c62181
_d62181